The lipstick proviso : women, sex & power in the real world /

Bibliographic Details
Main Author: Lehrman, Karen
Format: Book
Language:English
Published: New York : Doubleday, 1997.
Edition:1st Anchor Books ed.
Subjects:

MARC

Tag First Indicator Second Indicator Subfields
LEADER 00000cam a2200000 a 4500
001 in00001404718
005 20151020062101.0
008 961105s1997 nyu b 000 0 eng
010 |a  96049392  
020 |a 0385474814 
035 |a (OCoLC)35887360 
035 |9 AHP0685AM 
040 |a DLC  |c DLC  |d TXA  |d UtOrBLW 
049 |a TXAM 
050 0 0 |a HQ1190  |b .L44 1997 
082 0 0 |a 305.42  |2 21 
100 1 |a Lehrman, Karen. 
245 1 4 |a The lipstick proviso :  |b women, sex & power in the real world /  |c Karen Lehrman. 
250 |a 1st Anchor Books ed. 
264 1 |a New York :  |b Doubleday,  |c 1997. 
300 |a 228 pages ;  |c 25 cm. 
336 |a text  |b txt  |2 rdacontent 
337 |a unmediated  |b n  |2 rdamedia 
338 |a volume  |b nc  |2 rdacarrier 
504 |a Includes bibliographical references (pages [223]-226). 
650 0 |a Feminist theory. 
650 0 |a Feminism. 
948 |a c:ce 
999 |a MARS 
999 f f |s e611f956-67b5-32f8-8dbe-102809526c8d  |i bba73c18-1e27-3e5c-85a5-47bc73703cb1  |t 0 
952 f f |p ric  |a Texas A&M University  |b Rellis Campus  |c Joint Library Facility  |d Remote Storage  |t 0  |e HQ1190 .L44 1997  |h Library of Congress classification  |i unmediated -- volume  |m A14822527392 
998 f f |a HQ1190 .L44 1997  |t 0  |l Remote Storage